Oh, what a lovely war / (Record no. 21582)
[ view plain ]
| 000 -LEADER | |
|---|---|
| fixed length control field | 00912cam a22002771 4500 |
| 001 - CONTROL NUMBER | |
| control field | 21582 |
| 003 - CONTROL NUMBER IDENTIFIER | |
| rucl marc code | BD-RjUL |
| 005 - DATE AND TIME OF LATEST TRANSACTION | |
| control field | 20211209000714.0 |
| 008 - FIXED-LENGTH DATA ELEMENTS--GENERAL INFORMATION | |
| fixed length control field | 770616s1965 enka b 000 0 eng |
| 035 ## - SYSTEM CONTROL NUMBER | |
| System control number | (BD-RjUL)21646 |
| System control number | (OCoLC)3045317 |
| 040 ## - CATALOGING SOURCE | |
| Original cataloging agency | DLC |
| Transcribing agency | CtW |
| Modifying agency | OCoLC |
| -- | Uk |
| -- | DLC |
| -- | BD-RjUL |
| Language of cataloging | eng |
| 041 ## - LANGUAGE CODE | |
| Language code of text/sound track or separate title | eng |
| 082 ## - DEWEY DECIMAL CLASSIFICATION NUMBER | |
| Classification number | 822.9 |
| Author mark and year | THO 1967 |
| 110 2# - MAIN ENTRY--CORPORATE NAME | |
| Corporate name or jurisdiction name as entry element | Theatre Workshop (London, England) |
| 9 (RLIN) | 66680 |
| 245 10 - TITLE STATEMENT | |
| Title | Oh, what a lovely war / |
| Statement of responsibility, etc. | by Theatre Workshop, Charles Chilton and the members of the original cast. Military adviser: Raymond Fletcher. |
| 260 ## - PUBLICATION, DISTRIBUTION, ETC. (IMPRINT) | |
| Place of publication, distribution, etc. | London : |
| Name of publisher, distributor, etc. | Methuen, |
| Date of publication, distribution, etc. | c1965 [Reprinted 1967]. |
| 300 ## - PHYSICAL DESCRIPTION | |
| Pagination | 94 p. : |
| Illustrations | ill. ; |
| Size | 20 cm. |
| 504 ## - BIBLIOGRAPHY, ETC. NOTE | |
| Bibliography, etc | Bibliography: p. [93]-94. |
| 650 #0 - SUBJECT ADDED ENTRY--TOPICAL TERM | |
| Topical term or geographic name as entry element | English drama. |
| 9 (RLIN) | 66681 |
| Topical term or geographic name as entry element | World War, 1914-1918 |
| Form subdivision | Drama. |
| 9 (RLIN) | 66682 |
| 700 1# - ADDED ENTRY--PERSONAL NAME | |
| Personal name | Chilton, Charles. |
| 942 ## - ADDED ENTRY ELEMENTS (KOHA) | |
| Source of classification or shelving scheme | Dewey Decimal Classification |
| Koha item type | Books |
| Lost status | Source of classification or shelving scheme | Damaged status | Not for loan | Collection code | Permanent Location | Current Location | Shelving location | Date acquired | Source of acquisition | Cost, normal purchase price | Total Checkouts | Full call number | Date last seen | Copy number | Koha item type |
|---|---|---|---|---|---|---|---|---|---|---|---|---|---|---|---|
| Dewey Decimal Classification | Added to bundle | Fiction | Central Library, University of Rajshahi | Central Library, University of Rajshahi | Reading Room | 09/08/1972 | Book centre | 11.85 | 822.9 THO 1967 | 04/03/2014 | C-1 | Books |